No es país para viejos / (Registro nro. 30811)
[ vista simple ]
| 000 -LEADER | |
|---|---|
| fixed length control field | 00927nam a2200289 a 4500 |
| 001 - CONTROL NUMBER | |
| control field | 991006442929707486 |
| 003 - CONTROL NUMBER IDENTIFIER | |
| control field | OSt |
| 005 - DATE AND TIME OF LATEST TRANSACTION | |
| control field | 20250408104409.0 |
| 008 - FIXED-LENGTH DATA ELEMENTS--GENERAL INFORMATION | |
| fixed length control field | 080918s2008 ck gr 0001f spa d |
| 020 ## - INTERNATIONAL STANDARD BOOK NUMBER | |
| International Standard Book Number | 9789586395526 |
| 040 ## - CATALOGING SOURCE | |
| Language of cataloging | spa |
| Transcribing agency | CO-JMCR |
| 082 04 - DEWEY DECIMAL CLASSIFICATION NUMBER | |
| Classification number | A-N |
| Edition number | 23 |
| Item number | MCCn |
| 100 1# - MAIN ENTRY--PERSONAL NAME | |
| Personal name | McCarthy, Cormac, |
| 9 (RLIN) | 43800 |
| 245 10 - TITLE STATEMENT | |
| Title | No es país para viejos / |
| Statement of responsibility, etc. | Cormac McCarthy ; traducción de Luis Murillo Fort. |
| 260 3# - PUBLICATION, DISTRIBUTION, ETC. | |
| Place of publication, distribution, etc. | Bogotá : |
| Name of publisher, distributor, etc. | Mondadori, |
| Date of publication, distribution, etc. | 2008. |
| 300 ## - PHYSICAL DESCRIPTION | |
| Extent | 242 páginas ; |
| Dimensions | 24 cm. |
| 440 #0 - SERIES STATEMENT/ADDED ENTRY--TITLE | |
| Title | Literatura Mondadori |
| 9 (RLIN) | 43801 |
| 534 ## - ORIGINAL VERSION NOTE | |
| Introductory phrase | Titulo original : |
| Title statement of original | No country for old men. |
| 650 #7 - SUBJECT ADDED ENTRY--TOPICAL TERM | |
| Topical term or geographic name entry element | Novela estadounidense. |
| 650 #7 - SUBJECT ADDED ENTRY--TOPICAL TERM | |
| Topical term or geographic name entry element | Narcotráfico |
| Form subdivision | Novela |
| Geographic subdivision | México. |
| 9 (RLIN) | 43802 |
| 650 #7 - SUBJECT ADDED ENTRY--TOPICAL TERM | |
| Topical term or geographic name entry element | Crimen organizado |
| Geographic subdivision | México |
| Form subdivision | Novela. |
| 9 (RLIN) | 43803 |
| 650 #7 - SUBJECT ADDED ENTRY--TOPICAL TERM | |
| Topical term or geographic name entry element | Novela policíaca. |
| 9 (RLIN) | 214 |
| 650 #7 - SUBJECT ADDED ENTRY--TOPICAL TERM | |
| Topical term or geographic name entry element | Novela psicológica. |
| 9 (RLIN) | 43565 |
| 700 1# - ADDED ENTRY--PERSONAL NAME | |
| Personal name | Murillo Fort, Luis, |
| 9 (RLIN) | 43045 |
| 942 ## - ADDED ENTRY ELEMENTS (KOHA) | |
| Source of classification or shelving scheme | Dewey Decimal Classification |
| Koha item type | Books |
| 949 ## - LOCAL PROCESSING INFORMATION (OCLC) | |
| a | |
| Withdrawn status | Lost status | Source of classification or shelving scheme | Damaged status | Not for loan | Collection code | Home library | Current library | Shelving location | Date acquired | Total Checkouts | Full call number | Barcode | Date last seen | Copy number | Price effective from | Koha item type |
|---|---|---|---|---|---|---|---|---|---|---|---|---|---|---|---|---|
| Dewey Decimal Classification | Fiction | Biblioteca Pública José María del Castillo y Rada | Biblioteca Pública José María del Castillo y Rada | General Stacks | 06/06/2023 | A-N MCCn | 201812299 | 08/13/2024 | Ej.1 | 08/13/2024 | Books |